000 00898nas a2200277 4500
001 BR0400767
003 BR-BrBNA
005 20231205104338.0
007 ta
008 230509b bl.|||p| |||| 00| 00por d
040 _aBR-BrBNA
_bpor
_cBiblioteca Nacional de Agricultura
041 _a(Pt)
072 _aL40
100 1 _aTakata, F.N.
100 1 _aEvêncio-Neto, J.
100 1 _aBaratella-Evêncio, L.
100 1 _aSimões, M.J.
245 1 _aMorfologia e histoquímica da glândula da casca do oviduto de galinha doméstica (Gallus gallus)antes e durante a ovoposição
650 _aGALINHA
650 _aGLÂNDULA
650 _aMORFOLOGIA ANIMAL
650 _aHISTOQUÍMICA
773 0 _tRevista Brasileira de Reprodução Animal (Brazil)
_xISSN 0102-0803
_g(Apr-Jun 2003), v. 27(2) p. 300-301
_wBR0400767
909 _a202311
_bLúcia
_c55
_dLúcia Elande
942 _2AGRIS
_n0
_cANA
999 _c177675
_d177675